000 00901nam0a22002531 4500
001 rc\643362
005 20031121164805.4
035 _a(NLR Aleph) 005884442
090 _a6112136
_c6112136
100 _a20031121d1986 u |0rusy50 ca
101 0 _arus
102 _aRU
105 _aa |||||||||
200 1 _aОгненный танец
_eПоэма
_e[Для детей]
_fМорис Поцхишвили
_gПер. с груз. В. Равича
_gРис. В. Нагаева
210 _aТбилиси
_cМерани
_d1986
215 _a32 с.
_cцв. ил.
_d28
300 _aПеред вып. дан. авт.: Поцхишвили Морис Фомич
700 1 _aПоцхишвили
_bМ. Ф.
_f1930-
_gМорис Фомич
702 1 _aРавич
_bВ.
_gВладимир
_4730
801 0 _aRU
_bNLR
_gpsbo
801 1 _aRU
_bELAR
_2rusmarc
852 _aNLR
_j86-8/422
942 _cBOOK
980 _aNB